| 000 | 00877cam a22002531a 4500 | ||
|---|---|---|---|
| 001 | e 14001051 | ||
| 003 | DLC | ||
| 005 | 20260227111201.0 | ||
| 008 | 891127s1906 enkab 000 0 eng | ||
| 010 | _ae 14001051 | ||
| 035 | _a(OCoLC)21007926 | ||
| 040 |
_aDLC _cNAlU _dNc _dDLC |
||
| 042 | _apremarc | ||
| 043 | _ae-uk-en | ||
| 050 | 0 | 0 |
_aLA638.E8 _bS3 |
| 100 | 1 |
_aSadler, Michael, _cSir, _d1861-1943. |
|
| 245 | 1 | 0 |
_aReport on secondary and higher education in Essex / _cby Michael E. Sadler ... |
| 260 |
_aChelmsford : _bJ. H. Nicholas, _c1906. |
||
| 300 |
_a1 p.l., ii-v, 418, v, xxiii-liv p. : _bfold. front., diagrs., maps (part fold.) ; _c25 cm. |
||
| 500 | _aAt head of title: Administrative county of Essex. Education committee. | ||
| 650 | 0 | _aEducation, Secondary. | |
| 650 | 0 |
_aEducation _zEngland _zEssex. |
|
| 710 | 1 |
_aEssex (England). _bEducation Committee. |
|
| 999 |
_c19671 _d19671 |
||